LIBRARY & INFORMATION CENTRE, KCAET, TAVANUR

ONLINE PUBLIC ACCESS CATALOGUE (OPAC)

Problems in engineering physics (Record no. 13921)

MARC details
000 -LEADER
fixed length control field 00296nam a22001217a 4500
020 ## - INTERNATIONAL STANDARD BOOK NUMBER
ISBN 9788121938990
082 ## - DEWEY DECIMAL CLASSIFICATION NUMBER
Classification number 530
Item number AVA/PR
100 ## - MAIN ENTRY--AUTHOR NAME
Personal name Avadhanulu, M.N
245 ## - TITLE STATEMENT
Title Problems in engineering physics
260 ## - PUBLICATION, DISTRIBUTION, ETC. (IMPRINT)
Place of publication New Delhi
Name of publisher S.Chand & company Ltd
Year of publication 2012
700 ## - ADDED ENTRY--PERSONAL NAME
Personal name Choubey, S.R
942 ## - ADDED ENTRY ELEMENTS (KOHA)
Koha item type Books
Holdings
Withdrawn status Lost status Damaged status Collection code Home library Current library Shelving location Date acquired Source of acquisition Cost, normal purchase price Full call number Accession Number Koha item type
      Non-fiction KAUAET KAUAET General Stacks 30/03/2013 Calicut Book Distributors 295.00 530 AVA/PR 23696 Books
free website counter